000 00640nam a2200229Ia 4500
003 OSt
005 20220927105533.0
006 a|||||r|||| 00| 0
007 ta
008 220926b |||||||| |||| 00| 0 eng d
024 _a173658
037 _cReference Collections
040 _aRTL
_cRTL
_beng
041 _2eng
_aeng
082 _a"V1N45,93:3.N87a, M7.9"
110 _aUNITED NATIONS
245 0 _aUnited Nations documents
_b Current Index
260 _aNew
_bYork United Nations
_c1987
700 _aUNITED NATIONS
942 _h"V1N45,93:3.N87a, M7.9"
_cCC
999 _c692918
_d692918